000 00849cam a2200277 i 4500
001 2219584
003 OSt
005 20151026130522.0
008 750123s1975 maua b 001 0 eng
010 _a 75300681
040 _aDLC
_cDLC
_dDLC
050 0 0 _aQH308.2
_b.K45
082 0 0 _a574
100 1 _aKelly, Mahlon G.
245 0 0 _aBiology, evolution and adaptation to the environment /
_cMahlon G. Kelly, John C. McGrath.
260 _aBoston :
_bHoughton Mifflin,
_c[1975]
300 _axii, 558 p. :
_bill. (some col.) ;
_c26 cm.
504 _aIncludes bibliographical references and index.
650 0 _aBiology.
650 0 _aEvolution (Biology)
650 0 _aAdaptation (Biology)
650 0 _aEcology.
700 1 _aMcGrath, John C.,
_ejoint author.
906 _a7
_bcbc
_corignew
_d2
_encip
_f19
_gy-gencatlg
942 _2lcc
_cBK
999 _c250929
_d250929